| 000 | 00352nam a22001337a 4500 | ||
|---|---|---|---|
| 999 |
_c9281 _d9281 |
||
| 003 | OSt | ||
| 008 | 201120b ||||| |||| 00| 0 eng d | ||
| 100 | _aGupta,Smand and Gupta,Alpana | ||
| 245 | _aGrammar and Composition for Communication | ||
| 260 |
_aNew Delhi _bOrient Blakswan _c2009 |
||
| 300 | _a322 | ||
| 650 | _aB.A Hons. English | ||
| 942 |
_2ddc _cBK |
||